000 01010nam a22002297a 4500
003 OSt
005 20250822135113.0
008 241011b |||||||| |||| 00| 0 eng d
040 _c0
082 _aDPer 613.705 J826 January-December 2020 v. 91 n. 1-9
100 _aSchwamberger, Benjamin.
_eauthor.
_962846
245 _aA roadmap to establishing a community engagement partnership between a university PETE program and a homeschool community /
_cBenjamin Schwamberger and Zachary Wahl-Alexander.
260 _aVirginia ;
_bAmerican Alliance for Health ,
_cOctober 2020.
300 _aVolume 91, pages 39-45 :
_billustration ;
_c28 cm.
500 _aThe Journal of Physical Education Recreation & Dance, vol. 91, no. 8, pages 39-45, October 2020.
650 0 _aHealth education.
_938188
650 0 _aHome study.
_964914
650 0 _aSchool community relationship.
_966991
700 _aSchwamberger, Benjamin.
_eauthor.
_962846
700 _aWahl-Alexander, Zachary.
_eauthor.
_962730
942 _2ddc
_cPER
999 _c22509
_d22509